One Piece: Characters based on real people #2 - Statistics

General Stats
  • This quiz has been taken 47 times
  • The average score is 8 of 16
Answer Stats
Picture Hint Answer % Correct
Joey Jordison Basil Hawkins
80%
Michel Polnareff Donquixote Doflamingo
75%
Stevie Vaughan Portgas D. Ace
68%
Bunta Sugawara Akainu
65%
Jack Wild Sabo
60%
Marilyn Manson Lafitte
58%
Arnold Schwarzenegger Smoker
55%
Mohandas Gandhi Ethanbaron V. Nusjuro
48%
Jean Rochefort Gan Fall
48%
Giuseppe Garibaldi Jaygarcia Saturn
43%
Hulk Hogan Whitebeard
43%
Itagaki Taisuke Marcus Mars
38%
Glenn Close Inazuma
33%
Guy-Manuel de Homem-Christo Killer
33%
Danny DeVito Hogback
30%
Freddy Mercury Peepley Lulu
20%
No matching quizzes found
Score Distribution
Percent of People with Each Score
Percentile by Number Answered
Your Score History
You have not taken this quiz